| 000 | 00598nam a2200181 i 4500 | ||
|---|---|---|---|
| 001 | 43046 | ||
| 003 | ES-MaACL | ||
| 005 | 20230906160725.0 | ||
| 007 | t| | ||
| 008 | 030314s1958 sp ||||1| spa d | ||
| 080 | _a351.83:331.24(460) | ||
| 245 | 0 | 0 |
_aParticipación en beneficios : _bsistemas obligatorios / _cCentro de Estudios Sindicales. |
| 260 |
_aMadrid : _bOrganizacion Sindical de F.E.T. y de las J.O.N.S., _c1958. |
||
| 300 |
_a125 p. ; _c21 cm. |
||
| 650 |
_aParticipación de los trabajadores. _915852 |
||
| 710 | 2 |
_aCentro de Estudios Sindicales. _92669 |
|
| 852 | 4 |
_aES-MaACL _jC-17719 |
|
| 999 |
_c43046 _d43046 |
||